1386 1967 1109 1209 1932 1692 1630 1920 1908 1713 1990 1486 1517 1021 1443 1486 1923 1126 1257 1175 1219 1550 1498 1361 1276 1961 1198 1948 1842 1722 1739 1114 1661 1694 1578 1106 1737 1645 1127 1642 1081 1669 1049 1995 1585 1175 1924 1987 1532 1503 1549 1906 1266 1522 1558 1797 1767 1919 1081 1707 1629 1992 1172 1137 1658 1815 1249 1493 1271 1909 1179 1469 1170 1762 1300 1920 1351 1481 1889 1228 1259 1753 1763 1023 1261 1864 1638 1387 1719 1060 1618 1949 1891 1492 1048 1325 1763 1816 1323 BCNSPRNW ULIB Ver.6.0+V

เปลี่ยนเป็นภาษาไทย

Change to English
 แสดงรายละเอียดบรรณานุกรม
  กลับหน้าหลัก

Brief Record : Get Marc (ISO 2709) : E-mail record : QR code < ปิดหน้าต่าง
LEADER : 00000nam 2200000uu 4500
001    13399127645
003     ULIB
008    210311s2563||||th 000 0 tha d
020 ^^ ^a9786164540453
050 ^^ ^aนว^bพ716พ
100 ^^ ^aพิมพ์ณารากุล
245 ^^ ^aพรพรหมห่มรัก/^cพิมพ์ณารากุล.
260 ^^ ^aกรุงเทพฯ : ^bเขียนฝัน, ^c2563
300 ^^ ^a312 หน้า ; ^c21 ซม.
650 ^^ ^aนวนิยาย^zไทย
655 ^^ ^aนิยายรัก
945    ^p287^l0^i007994
999    ^aประนอม เกษจรัล
รายการนี้ยังไม่มีแท็ก
คุณยังไม่ได้ล็อกอิน คุณสามารถมีกิจกรรมร่วมกับเว็บไซต์ได้ แต่ต้องล็อกอินก่อน ::
  ล็อกอิน

รายการสื่อสารสนเทศ

ลำดับที่ ประเภท เลขเรียก/บาร์โค้ด สถานที่ สถานะ
1. นวนิยาย
นวนิยาย
นว พ716พ ฉ.1 
  Barcode: 007994
ห้องสมุดวิทยาเขตสวรรค์ประชารักษ์
►หนังสือทั่วไป
บนชั้น

รายการใกล้เคียง
    ผู้แต่ง [พิมพ์ณารากุล]

BibComment


ยังไม่เคยถูกคอมเมนท์

คอมเมนท์ทรัพยากรรายการนี้
  คอมเมนท์: พรพรหมห่มรัก พิม..


 Copyright 2026. Bcnsprnw @Library